Größte Metropolregionen Deutschland - Statistiken

Allgemein
  • Dieses Quiz wurde 73 mal gespielt
  • Das Durchschnittsergebnis liegt bei 18 aus 25
Antwortstatistiken
Einwohner Antwort % Korrekt
3.980.000 Berlin-Brandenburg
97%
2.100.000 Hamburg
97%
5.100.000 Ruhrgebiet
97%
1.900.000 München
96%
5.900.000 Rhein-Main-Gebiet
94%
2.800.000 Großraum Stuttgart
91%
3.600.000 Köln-Bonn
91%
1.100.000 Leipzig-Halle
91%
1.600.000 Großraum Nürnberg
90%
800.000 Hannover
88%
970.000 Bremen-Oldenburg
87%
1.000.000 Großraum Dresden
86%
2.900.000 Rhein-Neckar
78%
570.000 Kassel
68%
550.000 Braunschweig-Wolfsburg
67%
610.000 Südschwarzwald
67%
700.000 Kernregion Saarland
65%
1.050.000 Düsseldorf
64%
740.000 Regiopole Bielefeld
59%
560.000 Aachen
57%
950.000 Karlsruhe
55%
500.000 Mittelsachsen
46%
915.000 Wuppertal
45%
480.000 Hunsrück
39%
530.000 Heilbronn-Westfranken
20%
Keine übereinstimmenden Quizze gefunden
Verteilung der Resultate
Anzahl Personen mit jedem Resultat
Perzentil nach korrekt beantworteten Fragen
Ihre Resultats-Entwicklung
Sie haben dieses Quiz noch nicht gespielt